Acronyms #1 - Statistics

General Stats
  • This quiz has been taken 19 times
  • The average score is 6 of 12
Answer Stats
Hint Answer % Correct
TV Television
94%
FBI Federal Bureau of Investigation
88%
CIA Central Intelligence Agency
81%
NFL National Football League
75%
WOW World of Warcraft
63%
DoD Department of Defense
44%
AA Alcoholics Anonymous
38%
WWE World Wrestling Entertainment
38%
FM Frequency Modulation
25%
DVI Digital Video Interface
19%
HDMI High Definition Multimedia Interface
13%
SAT Satellite
13%
No matching quizzes found
Score Distribution
Percent of People with Each Score
Percentile by Number Answered
Your Score History
You have not taken this quiz